书目信息 |
| 题名: |
研究生英语入学考试精编
|
|
| 作者: | 严进 主编 | |
| 分册: | ||
| 出版信息: | 杭州 浙江大学出版社 1997.10 |
|
| 页数: | 703页 | |
| 开本: | 32开 | |
| 丛书名: | ||
| 单 册: | ||
| 中图分类: | H319.6 | |
| 科图分类: | ||
| 主题词: | 英语 | |
| 电子资源: | ||
| ISBN: | 7-308-01959-4 | |
| 000 | 00568nam0 2200193 45 | |
| 001 | 0010081123 | |
| 005 | 20001008115045.5 | |
| 010 | @a7-308-01959-4@d28.00元 | |
| 100 | @a20001008d1997 km y0chiy0120 ea | |
| 101 | 0 | @achi |
| 105 | @a z 000yy | |
| 200 | 1 | @a研究生英语入学考试精编@AYan Jiu Sheng Ying Yu Ru Xue Kao Shi Jing Bian@f严进主编@FYan Jin Zhu Bian |
| 210 | @a杭州@c浙江大学出版社@d1997.10 | |
| 215 | @a703页@d32开 | |
| 606 | 0 | @a英语 |
| 690 | @aH319.6@v3 | |
| 701 | 0 | @a严进@4主编 |
| 801 | @aCN@bPftUser@c20001008 | |
| 905 | @b172538-542@dH319.6@eY:477=2@f5 | |
| 研究生英语入学考试精编/严进主编.-杭州:浙江大学出版社,1997.10 |
| 703页;32开 |
| ISBN 7-308-01959-4:28.00元 |
| ● |
| 相关链接 |
|
|
|
正题名:研究生英语入学考试精编
索取号:H319.6/Y:477=2
 
预约/预借
| 序号 | 登录号 | 条形码 | 馆藏地/架位号 | 状态 | 备注 |
| 1 | 172538 | 201725384 | 语言库209/209语言库 58排2列2层/ [索取号:H319.6/Y:477=2] | 在馆 | |
| 2 | 172539 | 201725393 | 语言库209/209语言库 58排2列2层/ [索取号:H319.6/Y:477=2] | 在馆 | |
| 3 | 172540 | 201725400 | 语言库209/209语言库 58排2列2层/ [索取号:H319.6/Y:477=2] | 在馆 | |
| 4 | 172541 | 201725419 | 语言库209/209语言库 58排2列2层/ [索取号:H319.6/Y:477=2] | 在馆 | |
| 5 | 172542 | 201725428 | 语言库209/209语言库 58排2列2层/ [索取号:H319.6/Y:477=2] | 在馆 |